[Event "M.Chigorin Memorial"]
[Site "St. Petersburg RUS"]
[Date "2009.10.20"]
[Round "5.8"]
[White "Areshchenko, Alexander"]
[Black "Papin, Vasily"]
[Result "1-0"]
[WhiteElo "2667"]
[BlackElo "2529"]
[PlyCount "63"]
[EventDate "2009.??.??"]

1. e4 c5 2. Nf3 e6 3. d4 cxd4 4. Nxd4 Nc6 5. Nc3 Qc7 6. Be3 Nf6 7. f4 d6 8. Qf3
a6 9. O-O-O Be7 10. Rg1 h5 11. h3 h4 12. g4 hxg3 13. Qxg3 g6 14. Qf2 Bd7 15.
Nf3 Rc8 16. Bb6 Qb8 17. Kb1 Kf8 18. Ng5 Bd8 19. Bxd8 Rxd8 20. Bd3 Qa7 21. Qg2
Rg8 22. Rgf1 Nh5 23. f5 gxf5 24. exf5 Qe3 25. h4 Qg3 26. Qh1 Ke7 27. Be2 Nf4
28. Nce4 Nxe2 29. Nxg3 Nxg3 30. Qh2 Nxf1 31. Qxd6+ Ke8 32. Ne4 1-0

[Event "M.Chigorin Memorial"]
[Site "St. Petersburg RUS"]
[Date "2009.10.20"]
[Round "5.9"]
[White "Kobalia, Mikhail"]
[Black "Danin, Alexandre"]
[Result "1-0"]
[WhiteElo "2648"]
[BlackElo "2517"]
[PlyCount "165"]
[EventDate "2009.??.??"]

1. e4 e6 2. d4 d5 3. Nc3 Nf6 4. e5 Nfd7 5. f4 c5 6. Nf3 Nc6 7. Be3 a6 8. Qd2 b5
9. a3 Qb6 10. Be2 cxd4 11. Nxd4 Bc5 12. Rd1 g5 13. g3 Rg8 14. Bh5 Nxd4 15. Bxd4
Bxd4 16. Qxd4 Qxd4 17. Rxd4 gxf4 18. gxf4 Ke7 19. Bf3 Bb7 20. Ne2 Rac8 21. Kd2
Rg6 22. Ng3 Rh6 23. h4 Rg8 24. Ne2 f6 25. exf6+ Rxf6 26. Re1 Kd6 27. Kc1 Kc7
28. Rd3 Nc5 29. Rc3 Kb6 30. Rd1 a5 31. b3 Rc8 32. Kb2 b4 33. axb4 axb4 34. Re3
Rg8 35. Rd4 Kb5 36. c3 bxc3+ 37. Nxc3+ Kb6 38. b4 Na6 39. f5 exf5 40. Na4+ Ka7
41. b5 Nc7 42. b6+ Rxb6+ 43. Nxb6 Kxb6 44. Rb4+ Nb5 45. Be2 Bc6 46. Bxb5 Kc5
47. Bxc6 Kxb4 48. Bxd5 Rg4 49. h5 Kc5 50. Bf3 Rb4+ 51. Kc3 Rc4+ 52. Kd3 Rd4+
53. Ke2 Kd6 54. Re8 Ra4 55. Ke3 f4+ 56. Kf2 Ra7 57. Re4 Ra5 58. Rxf4 Ke7 59.
Kg3 Ra6 60. Kg4 Rf6 61. Ra4 Kf7 62. Ra7+ Kg8 63. Bd5+ Kh8 64. Be4 Re6 65. Rxh7+
Kg8 66. Bf5 Rf6 67. Ra7 Rf8 68. Kg5 Re8 69. Kg6 Kh8 70. Kf6 Rf8+ 71. Ke5 Kg8
72. Be6+ Kh8 73. Re7 Rf1 74. Bf5 Re1+ 75. Be4 Rf1 76. Ke6 Rf2 77. Rd7 Rf8 78.
Bg6 Rb8 79. Kf6 Kg8 80. Kg5 Ra8 81. Kh6 Rc8 82. Rg7+ Kf8 83. Rh7 1-0

[Event "M.Chigorin Memorial"]
[Site "St. Petersburg RUS"]
[Date "2009.10.20"]
[Round "5.10"]
[White "Anisimov, Pavel"]
[Black "Amonatov, Farrukh"]
[Result "0-1"]
[WhiteElo "2518"]
[BlackElo "2643"]
[PlyCount "106"]
[EventDate "2009.??.??"]

1. e4 c5 2. Nf3 d6 3. d4 cxd4 4. Nxd4 Nf6 5. Nc3 g6 6. Be3 Bg7 7. f3 O-O 8. Qd2
Nc6 9. Bc4 Bd7 10. O-O-O Rc8 11. Bb3 Nxd4 12. Bxd4 b5 13. e5 dxe5 14. Bxe5 Bc6
15. Qxd8 Rfxd8 16. a4 bxa4 17. Bxa4 Bb7 18. Kb1 g5 19. Rhe1 a6 20. h3 h5 21.
Bb3 e6 22. Rxd8+ Rxd8 23. Bc4 g4 24. hxg4 hxg4 25. Bxf6 Bxf6 26. Ne4 gxf3 27.
Nxf6+ Kg7 28. Nh5+ Kh6 29. gxf3 Kxh5 30. Rh1+ Kg5 31. Rg1+ Kf5 32. b3 Bxf3 33.
Bxa6 e5 34. Rf1 e4 35. c4 Ke5 36. c5 f5 37. Rc1 Rd1 38. Bb7 Bg4 39. Kc2 Rxc1+
40. Kxc1 f4 41. c6 f3 42. c7 f2 43. Ba6 e3 44. Kc2 Ke4 45. Be2 Bxe2 46. c8=Q
Bd3+ 47. Kc3 f1=Q 48. Qg4+ Qf4 49. Qg6+ Kf3 50. Qxd3 Kf2 51. Qc2+ e2 52. Kb2
Qd4+ 53. Ka3 Qa1+ 0-1

[Event "M.Chigorin Memorial"]
[Site "St. Petersburg RUS"]
[Date "2009.10.20"]
[Round "5.11"]
[White "Savchenko, Boris"]
[Black "Simonian, Hrair"]
[Result "1-0"]
[WhiteElo "2638"]
[BlackElo "2513"]
[PlyCount "136"]
[EventDate "2009.??.??"]

1. e4 e5 2. Nf3 Nc6 3. Bb5 Nf6 4. Qe2 Bc5 5. d3 Nd4 6. Nxd4 Bxd4 7. Nd2 c6 8.
Bc4 O-O 9. Nf3 d5 10. Bb3 dxe4 11. dxe4 Bg4 12. h3 Bh5 13. O-O Bb6 14. g4 Bg6
15. Nxe5 Bxe4 16. g5 Qb8 17. Bf4 Bc7 18. gxf6 Bxe5 19. Qxe4 Bxf4 20. Rfe1 Qd6
21. fxg7 Rfe8 22. Qxe8+ Rxe8 23. Rxe8+ Kxg7 24. Rae1 Qg6+ 25. Kf1 Qh5 26. Kg2
Qg5+ 27. Kf3 Bd6 28. R1e4 Qf5+ 29. Kg2 h5 30. Re3 Qg5+ 31. Kf1 Qb5+ 32. Rd3 c5
33. Re4 f5 34. Re6 c4 35. Bxc4 Qxc4 36. Rexd6 Qxc2 37. Kg2 h4 38. b3 Qc1 39.
R3d4 b5 40. a4 bxa4 41. Rxa4 Qc7 42. Raa6 Qe7 43. Kf1 Kf7 44. Rd3 Qb7 45. Ra4
Kg6 46. Rxh4 Qh1+ 47. Ke2 Qb1 48. Rf3 a5 49. Rhf4 Qc1 50. h4 Qb1 51. Rxf5 Qe4+
52. Kf1 Qxh4 53. Rxa5 Qh1+ 54. Ke2 Qb1 55. Raf5 Qa1 56. R5f4 Qa6+ 57. Rc4 Qa1
58. Rg4+ Kh5 59. Rfg3 Qa8 60. f3 Qa2+ 61. Kf1 Qb1+ 62. Kg2 Qc2+ 63. Kh3 Qc8 64.
b4 Kh6 65. b5 Qf5 66. b6 Kh7 67. b7 Qe6 68. b8=Q Qg6 1-0

[Event "M.Chigorin Memorial"]
[Site "St. Petersburg RUS"]
[Date "2009.10.20"]
[Round "5.12"]
[White "Shimanov, Aleksandr"]
[Black "Kokarev, Dmitry"]
[Result "1-0"]
[WhiteElo "2508"]
[BlackElo "2630"]
[PlyCount "96"]
[EventDate "2009.??.??"]

1. d4 Nf6 2. c4 g6 3. Nc3 Bg7 4. e4 O-O 5. Nf3 d6 6. Be2 e5 7. O-O Na6 8. Be3
c6 9. d5 Ng4 10. Bg5 f6 11. Bh4 c5 12. Nd2 h5 13. a3 Nh6 14. f3 Nf7 15. Rb1 Bh6
16. Bf2 f5 17. b4 b6 18. bxc5 dxc5 19. exf5 gxf5 20. Re1 Bd7 21. Bd3 Qf6 22.
Nb5 Kh8 23. Re2 Rg8 24. Kh1 Rg7 25. Be1 Rag8 26. Nf1 Bxb5 27. cxb5 Nc7 28. Ng3
Rg5 29. Qc2 Nxd5 30. Nxf5 Nf4 31. Bh4 Nxe2 32. Qxe2 Rd8 33. Bxg5 Bxg5 34. Qe4
Kg8 35. Bc4 Kf8 36. g3 Nd6 37. Nxd6 Rxd6 38. Bd5 Kg7 39. Re1 Bd2 40. Re2 Bc3
41. Bb3 h4 42. Qb7+ Kf8 43. Kg2 Qf5 44. Qb8+ Ke7 45. Qh8 hxg3 46. hxg3 Rd3 47.
Qg7+ Kd6 48. f4 exf4 1-0

[Event "M.Chigorin Memorial"]
[Site "St. Petersburg RUS"]
[Date "2009.10.20"]
[Round "5.13"]
[White "Azarov, Sergei"]
[Black "Gabrielian, Artur"]
[Result "1/2-1/2"]
[WhiteElo "2625"]
[BlackElo "2513"]
[PlyCount "24"]
[EventDate "2009.??.??"]

1. e4 c6 2. Nc3 d5 3. Nf3 Bg4 4. h3 Bxf3 5. Qxf3 e6 6. g3 Nd7 7. Bg2 Ngf6 8.
O-O Ne5 9. Qf4 Ng6 10. Qf3 Ne5 11. Qf4 Ng6 12. Qf3 Ne5 1/2-1/2

[Event "M.Chigorin Memorial"]
[Site "St. Petersburg RUS"]
[Date "2009.10.20"]
[Round "5.14"]
[White "Makarov, Marat"]
[Black "Andriasian, Zaven"]
[Result "1/2-1/2"]
[WhiteElo "2505"]
[BlackElo "2612"]
[PlyCount "42"]
[EventDate "2009.??.??"]

1. d4 d5 2. Nf3 Nf6 3. c4 c6 4. e3 e6 5. Nbd2 c5 6. dxc5 Bxc5 7. a3 a5 8. b3
Nc6 9. Bb2 O-O 10. Bd3 b6 11. O-O Bb7 12. cxd5 exd5 13. Bb5 Na7 14. Be2 Nc6 15.
Bb5 Qe7 16. Bxc6 Bxc6 17. Nd4 Bd7 18. Qf3 Rfe8 19. Nf5 Bxf5 20. Qxf5 Qe6 21.
Qd3 Ne4 1/2-1/2

[Event "M.Chigorin Memorial"]
[Site "St. Petersburg RUS"]
[Date "2009.10.20"]
[Round "5.15"]
[White "Lysyj, Igor"]
[Black "Romanenko, Vladimir"]
[Result "1/2-1/2"]
[WhiteElo "2612"]
[BlackElo "2505"]
[PlyCount "53"]
[EventDate "2009.??.??"]

1. d4 Nf6 2. c4 e6 3. Nf3 b6 4. g3 Bb7 5. Bg2 Bb4+ 6. Nbd2 O-O 7. O-O Bxd2 8.
Qxd2 d6 9. b3 Nbd7 10. Bb2 Qe7 11. Rfe1 Rad8 12. Rad1 h6 13. Qc2 Be4 14. Qc1
Rfe8 15. Bh3 c5 16. dxc5 Nxc5 17. b4 Ncd7 18. Qf4 Rc8 19. Nd2 Bb7 20. e4 Ne5
21. Bf1 Nfg4 22. Bxe5 Nxe5 23. Qe3 Rc7 24. f4 Ng4 25. Qe2 Nf6 26. a3 e5 27. f5
1/2-1/2

[Event "M.Chigorin Memorial"]
[Site "St. Petersburg RUS"]
[Date "2009.10.20"]
[Round "5.16"]
[White "Vorobiov, Evgeny E"]
[Black "Klimov, Sergey"]
[Result "1-0"]
[WhiteElo "2606"]
[BlackElo "2501"]
[PlyCount "66"]
[EventDate "2009.??.??"]

1. e4 c5 2. Nf3 e6 3. d4 cxd4 4. Nxd4 Nc6 5. Nc3 Qc7 6. Be3 a6 7. Qd2 Nf6 8.
O-O-O Bb4 9. f3 Ne5 10. g4 h6 11. h4 d5 12. Bf4 Bd7 13. Qh2 Bd6 14. Kb1 O-O-O
15. exd5 exd5 16. Bd3 Kb8 17. Bf5 Bc6 18. h5 Nc4 19. Bxd6 Nxd6 20. Bd3 Rhe8 21.
Qf4 Nb5 22. Qxc7+ Nxc7 23. Nce2 Ne6 24. Bxa6 Nc5 25. Bd3 Nxd3 26. cxd3 Bd7 27.
Kc2 Ng8 28. Kd2 Ne7 29. Rdg1 Nc6 30. g5 Re7 31. gxh6 gxh6 32. Rh4 Rde8 33. Rf4
Nd8 1-0

[Event "M.Chigorin Memorial"]
[Site "St. Petersburg RUS"]
[Date "2009.10.20"]
[Round "5.17"]
[White "Vokarev, Sergey"]
[Black "Khairullin, Ildar"]
[Result "1/2-1/2"]
[WhiteElo "2505"]
[BlackElo "2604"]
[PlyCount "50"]
[EventDate "2009.??.??"]

1. e4 c5 2. Nf3 e6 3. d4 cxd4 4. Nxd4 Nc6 5. Nc3 Qc7 6. Be3 Nf6 7. f4 Bb4 8.
Ndb5 Qa5 9. e5 Nd5 10. Bd2 Nxc3 11. Bxc3 O-O 12. Qd2 f6 13. exf6 Rxf6 14. a3
Bxc3 15. Nxc3 d5 16. g3 Bd7 17. O-O-O Be8 18. Bh3 Bg6 19. Rhe1 Re8 20. Re2 Qc5
21. g4 Rff8 22. f5 exf5 23. gxf5 Bh5 24. Rxe8 Rxe8 25. Re1 Rxe1+ 1/2-1/2

[Event "M.Chigorin Memorial"]
[Site "St. Petersburg RUS"]
[Date "2009.10.20"]
[Round "5.18"]
[White "Burmakin, Vladimir"]
[Black "Babujian, Levon"]
[Result "1-0"]
[WhiteElo "2599"]
[BlackElo "2474"]
[PlyCount "168"]
[EventDate "2009.??.??"]

1. d4 Nf6 2. Nf3 g6 3. Bf4 Bg7 4. e3 O-O 5. Be2 d6 6. h3 Nc6 7. c4 Ne4 8. Bh2
e5 9. O-O exd4 10. Nxd4 Qf6 11. Nc3 Nxc3 12. bxc3 Qe7 13. Nxc6 bxc6 14. Bf3 Be6
15. Qa4 Rab8 16. Bxc6 Bxc3 17. Rab1 a5 18. Rb5 Bb4 19. a3 Bxc4 20. Rxb8 Rxb8
21. Rc1 Bd2 22. Qxc4 d5 23. Bxd5 Bxc1 24. Qxc1 Qc5 25. Bc4 Rb6 26. Qf1 Qxa3 27.
Be5 Rc6 28. Bd4 Qb4 29. Bd5 Rc2 30. Qd1 Rd2 31. Qc1 Rxd4 32. exd4 Qxd4 33. Qc4
Qa1+ 34. Kh2 Qf6 35. f4 Qe7 36. Qe4 Qd8 37. Bb3 c5 38. Qd5 Qc7 39. Kg3 Qe7 40.
Kf3 Qc7 41. h4 h5 42. Bc4 Kf8 43. g3 a4 44. Qa8+ Kg7 45. Qxa4 Qb7+ 46. Kf2 Qb2+
47. Be2 Qd2 48. Qe4 Kh7 49. Qc4 f5 50. Qxc5 Qb2 51. Qe7+ Kh6 52. Qe5 Qb6+ 53.
Kg2 Qd8 54. Qb2 Kh7 55. Kf2 Qd6 56. Ke3 Qe6+ 57. Qe5 Qb6+ 58. Kd2 Qb4+ 59. Qc3
Qb6 60. Bc4 Qf2+ 61. Kc1 Qg1+ 62. Kb2 Qb6+ 63. Ka3 Qa7+ 64. Kb3 Qb6+ 65. Qb4
Qe3+ 66. Ka4 Qa7+ 67. Qa5 Qd7+ 68. Qb5 Qd1+ 69. Ka5 Qd8+ 70. Ka6 Qa8+ 71. Kb6
Qd8+ 72. Kc6 Kh6 73. Qe5 Qc8+ 74. Qc7 Qa8+ 75. Kd7 Qa4+ 76. Qc6 Qa7+ 77. Ke6
Qe3+ 78. Kf7 Qa7+ 79. Kf6 Qd4+ 80. Kf7 Qa7+ 81. Kf8 Qa3+ 82. Ke8 Qe3+ 83. Be6
Qe1 84. Qd6 Qe3 1-0

[Event "M.Chigorin Memorial"]
[Site "St. Petersburg RUS"]
[Date "2009.10.20"]
[Round "5.20"]
[White "Popov, Valerij"]
[Black "Goganov, Aleksey"]
[Result "1-0"]
[WhiteElo "2595"]
[BlackElo "2442"]
[PlyCount "99"]
[EventDate "2009.??.??"]

1. c4 c6 2. Nf3 Nf6 3. Nc3 d5 4. e3 e6 5. b3 Nbd7 6. Qc2 Bd6 7. Be2 O-O 8. d4
Qe7 9. Bb2 b6 10. O-O Bb7 11. Rad1 Rad8 12. cxd5 exd5 13. Nd2 Rfe8 14. Bf3 c5
15. Nb5 Bb8 16. Qf5 a6 17. Nc3 cxd4 18. exd4 Ne4 19. Bxe4 dxe4 20. Nc4 Nf6 21.
Ne5 Bxe5 22. dxe5 Rxd1 23. Rxd1 Qxe5 24. Qxe5 Rxe5 25. Rd8+ Re8 26. Rxe8+ Nxe8
27. Na4 b5 28. Nc5 Bc8 29. Nxe4 f6 30. f3 Kf7 31. Kf2 Ke6 32. Ba3 Kd5 33. Ke3
Nc7 34. Bf8 Ne6 35. Bxg7 Nxg7 36. Nxf6+ Ke5 37. Nxh7 Nf5+ 38. Kf2 Nd4 39. Ke3
Nf5+ 40. Kf2 b4 41. g4 Ne7 42. h4 Be6 43. h5 Bg8 44. Nf8 Nd5 45. h6 Nc3 46. g5
Nxa2 47. f4+ Kxf4 48. g6 Nc3 49. h7 Ne4+ 50. Ke1 1-0

[Event "M.Chigorin Memorial"]
[Site "St. Petersburg RUS"]
[Date "2009.10.20"]
[Round "5.22"]
[White "Kovalenko, Igor"]
[Black "Zhou, Weiqi"]
[Result "0-1"]
[WhiteElo "2484"]
[BlackElo "2593"]
[PlyCount "40"]
[EventDate "2009.??.??"]

1. e4 e6 2. d4 d5 3. Nc3 Nf6 4. e5 Nfd7 5. f4 c5 6. Nf3 Nc6 7. Be3 Be7 8. Qd2
O-O 9. dxc5 Bxc5 10. Nd4 a6 11. O-O-O Bxd4 12. Bxd4 b5 13. h4 b4 14. Na4 Qa5
15. b3 Nxd4 16. Qxd4 Bb7 17. Kb2 Bc6 18. a3 Rfb8 19. c3 bxa3+ 20. Kxa3 Rxb3+
0-1

[Event "M.Chigorin Memorial"]
[Site "St. Petersburg RUS"]
[Date "2009.10.20"]
[Round "5.23"]
[White "Epishin, Vladimir"]
[Black "Badmatsyrenov, Oleg"]
[Result "1-0"]
[WhiteElo "2590"]
[BlackElo "2437"]
[PlyCount "102"]
[EventDate "2009.??.??"]

1. Nf3 c5 2. c4 Nf6 3. Nc3 e6 4. g3 b6 5. Bg2 Bb7 6. O-O Be7 7. Re1 d6 8. e4 a6
9. d3 O-O 10. h4 Nc6 11. Ng5 Qc7 12. f4 Nd4 13. Be3 h6 14. Nh3 b5 15. Nf2 Nh7
16. Rc1 b4 17. Ne2 Nxe2+ 18. Rxe2 Rae8 19. d4 cxd4 20. Qxd4 e5 21. fxe5 dxe5
22. Qb6 Qc8 23. c5 Bc6 24. Qxb4 Qa8 25. Ng4 Rb8 26. Qc3 Bxe4 27. Qxe5 Bxg2 28.
Rxg2 Rfe8 29. Qf5 h5 30. Qxh5 Nf6 31. Nxf6+ Bxf6 32. Bf4 Rxb2 33. c6 Qc8 34.
Kh2 Rb5 35. Qd1 g5 36. hxg5 Bxg5 37. Qd7 Kg7 38. Rd2 Rh8+ 39. Kg2 Bxf4 40. gxf4
Qxd7 41. cxd7 Rbb8 42. Rc6 Ra8 43. f5 Rhd8 44. Kf3 Ra7 45. Rcd6 Rc7 46. Ke4
Rc4+ 47. Ke5 Rc5+ 48. R6d5 Rc6 49. f6+ Kg8 50. Rg2+ Kf8 51. Rh2 Kg8 1-0

[Event "M.Chigorin Memorial"]
[Site "St. Petersburg RUS"]
[Date "2009.10.20"]
[Round "5.24"]
[White "Sjugirov, Sanan"]
[Black "Alavkin, Arseny"]
[Result "1/2-1/2"]
[WhiteElo "2585"]
[BlackElo "2428"]
[PlyCount "92"]
[EventDate "2009.??.??"]

1. e4 e6 2. d4 d5 3. Nd2 c5 4. exd5 exd5 5. Ngf3 Nf6 6. Bb5+ Bd7 7. Bxd7+ Nbxd7
8. O-O Be7 9. dxc5 Nxc5 10. Nb3 Nce4 11. Nfd4 Qd7 12. Qf3 O-O 13. Nf5 Bd8 14.
Be3 g6 15. Ng3 a5 16. a4 Rc8 17. c3 b5 18. Nxe4 Nxe4 19. Rfd1 Qb7 20. Nd2 bxa4
21. Nxe4 dxe4 22. Qe2 Bb6 23. Bxb6 Qxb6 24. Rxa4 Rb8 25. Rd2 Rfd8 26. Rxd8+
Rxd8 27. h3 f5 28. b4 Qc6 29. Qa2+ Kg7 30. Qa1 e3 31. Ra2 Rd2 32. c4+ Kf7 33.
Rxd2 exd2 34. Qd4 axb4 35. Qxd2 Qxc4 36. Qd7+ Kf6 37. Qd6+ Kf7 38. Qd7+ Kf6 39.
Qd6+ Kg7 40. Qe7+ Kg8 41. Qe8+ Kg7 42. Qe7+ Kh6 43. g4 b3 44. Qf8+ Kg5 45. Qe7+
Kh6 46. Qf8+ Kg5 1/2-1/2

[Event "M.Chigorin Memorial"]
[Site "St. Petersburg RUS"]
[Date "2009.10.20"]
[Round "5.25"]
[White "Kryakvin, Dmitry"]
[Black "Vidit, Santosh Gujrathi"]
[Result "1-0"]
[WhiteElo "2571"]
[BlackElo "2423"]
[PlyCount "99"]
[EventDate "2009.??.??"]

1. e4 c5 2. Nf3 d6 3. d4 cxd4 4. Nxd4 Nf6 5. Nc3 Nc6 6. Bg5 e6 7. Qd2 Be7 8.
O-O-O Nxd4 9. Qxd4 O-O 10. f4 Qa5 11. h4 Rd8 12. Bd3 e5 13. Qf2 exf4 14. Bxf4
Be6 15. Bd2 Qc5 16. Be3 Qa5 17. Bd4 Bxa2 18. Qg3 Nh5 19. Qf3 Nf6 20. Qg3 Nh5
21. Qe3 Bf6 22. Bxf6 Nxf6 23. Qg5 d5 24. Rhf1 h6 25. Qf5 Bc4 26. Bxc4 Qa1+ 27.
Nb1 dxc4 28. Rxd8+ Rxd8 29. e5 Nd5 30. Qxf7+ Kh8 31. Rd1 Qa5 32. e6 Qb6 33. Qf3
Nb4 34. Nc3 Rxd1+ 35. Nxd1 Qd6 36. Qe4 Nc6 37. Ne3 c3 38. bxc3 Ne7 39. Nf5 Qa3+
40. Kd2 Nxf5 41. Qxf5 Qd6+ 42. Kc1 Qb6 43. Qf8+ Kh7 44. e7 Qg1+ 45. Kd2 Qxg2+
46. Ke3 Qg1+ 47. Ke4 Qh1+ 48. Ke5 Qe1+ 49. Kd6 Qd2+ 50. Kc7 1-0

[Event "M.Chigorin Memorial"]
[Site "St. Petersburg RUS"]
[Date "2009.10.20"]
[Round "5.26"]
[White "Malakhatko, Vadim"]
[Black "Pankov, German"]
[Result "1-0"]
[WhiteElo "2569"]
[BlackElo "2359"]
[PlyCount "51"]
[EventDate "2009.??.??"]

1. c4 c5 2. Nf3 Nc6 3. Nc3 g6 4. e3 Nf6 5. d4 cxd4 6. exd4 d5 7. Bg5 Ne4 8.
cxd5 Nxc3 9. bxc3 Qxd5 10. c4 Qe4+ 11. Be3 Bf5 12. Be2 Bg7 13. O-O Rd8 14. d5
Ne5 15. Rc1 Ng4 16. Bxa7 Ra8 17. Bd4 Bxd4 18. Nxd4 h5 19. Qd2 h4 20. h3 Nf6 21.
Rfe1 O-O 22. Bf1 Rxa2 23. Qxa2 Qxd4 24. Rxe7 Ne4 25. Re1 b6 26. Qe2 1-0

[Event "M.Chigorin Memorial"]
[Site "St. Petersburg RUS"]
[Date "2009.10.20"]
[Round "5.27"]
[White "Hovhannisyan, Robert"]
[Black "Melkumyan, Hrant"]
[Result "1/2-1/2"]
[WhiteElo "2463"]
[BlackElo "2569"]
[PlyCount "142"]
[EventDate "2009.??.??"]

1. e4 e5 2. Nf3 Nc6 3. Bb5 a6 4. Ba4 Nf6 5. O-O Be7 6. Bxc6 dxc6 7. d3 Qd6 8.
Nbd2 Be6 9. Ng5 Nd7 10. Nxe6 Qxe6 11. Nc4 O-O-O 12. Bd2 g6 13. Bc3 Rhf8 14. a4
f6 15. b4 Nb6 16. Nd2 f5 17. Qe2 fxe4 18. dxe4 Bg5 19. Nf3 Bf6 20. b5 Qc4 21.
Qxc4 Nxc4 22. bxa6 bxa6 23. Rfd1 Rxd1+ 24. Rxd1 Re8 25. Kf1 Nb6 26. Ra1 Kd7 27.
Nd2 c5 28. Ke2 Kc6 29. f4 Nd7 30. Rf1 exf4 31. Bxf6 Nxf6 32. Rxf4 Nd5 33. Rf3
Re7 34. Kd3 Nb6 35. a5 Nd7 36. Nc4 Kb5 37. Rf1 Ne5+ 38. Nxe5 Rxe5 39. Rf7 Rh5
40. Rxc7 Rxh2 41. e5 Rh4 42. c3 Rh1 43. Rb7+ Kc6 44. Rb6+ Kd5 45. e6 Re1 46.
c4+ Ke5 47. Rxa6 Kf6 48. Rb6 Rd1+ 49. Ke3 Rd4 50. Rb1 Rd6 51. Ke4 Rd4+ 52. Ke3
Rd6 53. e7 Kxe7 54. Ke4 Ke6 55. Ra1 Ra6 56. g4 h6 57. Ra2 Kd6 58. Rb2 h5 59. g5
Rxa5 60. Rb6+ Ke7 61. Rxg6 Ra1 62. Rc6 h4 63. Kf5 h3 64. Rh6 Rh1 65. Rh7+ Kd6
66. Rh6+ Ke7 67. Re6+ Kf7 68. g6+ Kg7 69. Kg4 h2 70. Kg3 Rc1 71. Kxh2 Rxc4
1/2-1/2

[Event "M.Chigorin Memorial"]
[Site "St. Petersburg RUS"]
[Date "2009.10.20"]
[Round "5.28"]
[White "Rozum, Ivan"]
[Black "Grigoriants, Sergey"]
[Result "1/2-1/2"]
[WhiteElo "2457"]
[BlackElo "2564"]
[PlyCount "30"]
[EventDate "2009.??.??"]

1. d4 Nf6 2. c4 e6 3. g3 d5 4. Bg2 dxc4 5. Nf3 c6 6. Ne5 c5 7. Na3 cxd4 8.
Naxc4 Bc5 9. O-O Nbd7 10. Nd3 Be7 11. b3 Nd5 12. Nf4 Nxf4 13. Bxf4 Nb6 14. Rc1
Nxc4 15. Rxc4 Bf6 1/2-1/2

[Event "M.Chigorin Memorial"]
[Site "St. Petersburg RUS"]
[Date "2009.10.20"]
[Round "5.29"]
[White "Bellaiche, Anthony"]
[Black "Del Rio De Angelis, Salvad"]
[Result "1-0"]
[WhiteElo "2435"]
[BlackElo "2559"]
[PlyCount "85"]
[EventDate "2009.??.??"]

1. d4 e6 2. c4 b6 3. Nc3 Bb4 4. Nf3 Bb7 5. Bg5 f6 6. Bh4 Ne7 7. e3 Bxc3+ 8.
bxc3 O-O 9. Bd3 Qe8 10. O-O Nbc6 11. Nd2 Nf5 12. Bg3 Nxg3 13. hxg3 f5 14. e4
fxe4 15. Nxe4 Ne7 16. Qe2 h6 17. a4 a5 18. c5 Nd5 19. c4 Nb4 20. Bb1 Qe7 21.
Ra3 Rae8 22. Rd1 d5 23. cxd6 cxd6 24. Re3 Ba6 25. Nc3 Qf6 26. Rf3 Qe7 27. Qe4
g5 28. Nb5 Bxb5 29. axb5 Rxf3 30. gxf3 Qf8 31. Kg2 Qg7 32. Rc1 e5 33. dxe5 Rxe5
34. Qd4 Qc7 35. Rd1 Qc5 36. Qxd6 Qxd6 37. Rxd6 a4 38. Rxb6 Re1 39. Rb8+ Kf7 40.
Bh7 Kg7 41. Rb7+ Kh8 42. Ra7 a3 43. b6 1-0

[Event "M.Chigorin Memorial"]
[Site "St. Petersburg RUS"]
[Date "2009.10.20"]
[Round "5.30"]
[White "Skomorokhin, Roman"]
[Black "Rychagov, Andrey"]
[Result "0-1"]
[WhiteElo "2413"]
[BlackElo "2552"]
[PlyCount "170"]
[EventDate "2009.??.??"]

1. d4 Nf6 2. c4 c5 3. d5 e5 4. Nc3 d6 5. e4 Be7 6. h3 Nbd7 7. Bd2 h5 8. h4 Nf8
9. g3 Ng6 10. Nh3 Bg4 11. f3 Bd7 12. Nf2 Nh7 13. Bd3 Qc8 14. Qe2 a6 15. O-O-O
Rb8 16. f4 Nf6 17. f5 Nf8 18. b3 Bd8 19. Kc2 Ba5 20. Rb1 Qc7 21. Rhc1 b5 22. a3
N8h7 23. Kd1 g6 24. fxg6 fxg6 25. cxb5 Bxc3 26. b6 Qxb6 27. Rxc3 Ng4 28. Bc4
O-O 29. Nd3 Rf7 30. Kc2 a5 31. Kb2 Rbf8 32. Ka2 Kg7 33. a4 Bc8 34. Rc2 Nhf6 35.
Qe1 Qa7 36. Bc3 Ba6 37. Nb2 Bc8 38. Bb5 Qa8 39. Re2 Ba6 40. Bc6 Bb7 41. Bxb7
Qxb7 42. Nc4 Qa6 43. Rbb2 Nd7 44. Bxa5 Rf1 45. Qd2 R8f3 46. Qg5 Ndf6 47. Be1
Rd3 48. Qc1 Rxg3 49. Qd2 Rgg1 50. Rb1 Ne8 51. Rg2 Rh1 52. Re2 Nef6 53. Qc2 Nd7
54. Qd2 Ndf6 55. Ra1 Ne8 56. Qa5 Qxa5 57. Nxa5 g5 58. hxg5 h4 59. Nc4 h3 60.
Nd2 h2 61. Nxf1 Rxf1 62. Rxh2 Nxh2 63. Ba5 Rf7 64. Bb6 Nf3 65. a5 Nc7 66. Rf1
Na6 67. Ka3 Nxg5 68. Rg1 Kh6 69. Rh1+ Kg6 70. Rg1 Kh5 71. Rh1+ Kg4 72. Rg1+ Kf4
73. Ka4 Nb4 74. Kb5 Nf3 75. Rg6 Nd4+ 76. Kc4 Rd7 77. Rxd6 Rxd6 78. Kxc5 Rd7 79.
Kxb4 Kxe4 80. Kc4 Rxd5 81. a6 Nc6 82. b4 Rd1 83. b5 Rc1+ 84. Kb3 Kd5 85. bxc6
Rb1+ 0-1

[Event "M.Chigorin Memorial"]
[Site "St. Petersburg RUS"]
[Date "2009.10.20"]
[Round "5.31"]
[White "Svetlov, Dmitry"]
[Black "Vysochin, Spartak"]
[Result "1/2-1/2"]
[WhiteElo "2399"]
[BlackElo "2550"]
[PlyCount "80"]
[EventDate "2009.??.??"]

1. d4 f5 2. g3 Nf6 3. Bg2 g6 4. c4 Bg7 5. Nc3 d6 6. Nf3 O-O 7. O-O c6 8. d5 e5
9. dxe6 Bxe6 10. Qd3 Ng4 11. Ng5 Bc8 12. f4 Na6 13. h3 Nc5 14. Qc2 Nf6 15. Be3
Qe7 16. Bd4 h6 17. Nf3 Be6 18. b3 Bf7 19. Nd2 Rfe8 20. Rae1 d5 21. e3 Nce4 22.
Ndxe4 dxe4 23. Rd1 Red8 24. Rf2 Nh5 25. Bxg7 Kxg7 26. Kh2 Nf6 27. Rfd2 h5 28.
Ne2 c5 29. Qc3 b6 30. Qe5 Rxd2 31. Rxd2 Re8 32. Qxe7 Rxe7 33. Nc3 Rd7 34. Rxd7
Nxd7 35. Bf1 Nb8 36. Be2 Nc6 37. Kg2 Kf6 38. h4 Ke7 39. Kf2 Kd6 40. Ke1 a6
1/2-1/2

[Event "M.Chigorin Memorial"]
[Site "St. Petersburg RUS"]
[Date "2009.10.20"]
[Round "5.32"]
[White "Zinchenko, Yaroslav"]
[Black "Nukin, Askhat"]
[Result "1/2-1/2"]
[WhiteElo "2539"]
[BlackElo "2353"]
[PlyCount "60"]
[EventDate "2009.??.??"]

1. e4 e5 2. Nf3 Nc6 3. Bb5 a6 4. Ba4 Nf6 5. O-O Be7 6. Re1 b5 7. Bb3 d6 8. c3
O-O 9. h3 h6 10. d4 Re8 11. Nbd2 Bf8 12. Nf1 Bb7 13. Ng3 Na5 14. Bc2 Nc4 15. b3
Nb6 16. a4 d5 17. Nxe5 dxe4 18. axb5 axb5 19. Rxa8 Qxa8 20. Nh5 Nxh5 21. Qxh5
Re7 22. Ng4 Qa2 23. Bxh6 Nd5 24. Bb1 Qxb3 25. Bd2 Nxc3 26. Nf6+ gxf6 27. Qg4+
Kh8 28. Qh4+ Kg8 29. Qg4+ Kh8 30. Qh4+ Kg8 1/2-1/2

[Event "M.Chigorin Memorial"]
[Site "St. Petersburg RUS"]
[Date "2009.10.20"]
[Round "5.33"]
[White "Wen, Yang"]
[Black "Yankovsky, Roman"]
[Result "1-0"]
[WhiteElo "2538"]
[BlackElo "2314"]
[PlyCount "65"]
[EventDate "2009.??.??"]

1. e4 c5 2. Nf3 d6 3. d4 cxd4 4. Qxd4 Nc6 5. Bb5 Bd7 6. Bxc6 Bxc6 7. Nc3 Nf6 8.
Bg5 e6 9. O-O-O Be7 10. Rhe1 O-O 11. Kb1 Qa5 12. Qd2 Rfd8 13. Nd4 Qc7 14. f3 a6
15. g4 b5 16. h4 Bb7 17. h5 b4 18. Nce2 Rab8 19. Ng3 Ba8 20. Ngf5 exf5 21. Nxf5
h6 22. Bh4 Re8 23. g5 Nh7 24. Qd4 Bf8 25. gxh6 g5 26. hxg6 fxg6 27. Rg1 Re6 28.
Ne7+ Kf7 29. Qh8 Bxe7 30. Qxh7+ Ke8 31. Rxg6 Rxg6 32. Qxg6+ Kd8 33. h7 1-0

[Event "M.Chigorin Memorial"]
[Site "St. Petersburg RUS"]
[Date "2009.10.20"]
[Round "5.34"]
[White "Ju, Wenjun"]
[Black "Zvjaginsev, Vadim"]
[Result "1/2-1/2"]
[WhiteElo "2443"]
[BlackElo "2635"]
[PlyCount "26"]
[EventDate "2009.??.??"]

1. d4 e6 2. c4 Bb4+ 3. Bd2 Bxd2+ 4. Qxd2 Nf6 5. Nc3 d5 6. Nf3 O-O 7. e3 Qe7 8.
Bd3 dxc4 9. Bxc4 c5 10. O-O Rd8 11. Qe2 Nc6 12. dxc5 Qxc5 13. Rfd1 Bd7 1/2-1/2

[Event "M.Chigorin Memorial"]
[Site "St. Petersburg RUS"]
[Date "2009.10.20"]
[Round "5.35"]
[White "Sandipan, Chanda"]
[Black "Smirnov, Artem"]
[Result "1-0"]
[WhiteElo "2611"]
[BlackElo "2432"]
[PlyCount "69"]
[EventDate "2009.??.??"]

1. d4 Nf6 2. c4 e6 3. g3 c5 4. d5 exd5 5. cxd5 b5 6. Bg2 d6 7. e4 Nbd7 8. Bf4
Qe7 9. Ne2 g6 10. Nd2 Nh5 11. Be3 Bg7 12. Qc2 O-O 13. g4 Nhf6 14. h3 Ba6 15.
O-O b4 16. Nc4 Ne5 17. Nxe5 Qxe5 18. f4 Qe7 19. e5 Nd7 20. Rfe1 dxe5 21. d6 Qd8
22. f5 e4 23. Bxe4 Ne5 24. Rad1 gxf5 25. gxf5 Qh4 26. Nf4 Nc4 27. Ng2 Qxh3 28.
Bxa8 Rxa8 29. d7 Bf6 30. Bxc5 Ne5 31. d8=Q+ Bxd8 32. Rxe5 Bc7 33. Qe4 Bxe5 34.
Qxa8+ Kg7 35. Qf8+ 1-0